000 00737nam a2200229Ia 4500
003 OSt
005 20251030135707.0
008 220923b |||||||| |||| 00| 0 eng d
020 _a8170462592
037 _cGeneral Book
040 _aRTL
_cRTL
_beng
041 _2eng
_aeng
084 _aY:3(O), P4
_qRTL
100 _aSpivak, Gayatri Chakravorty
_924231
245 0 _aDeath of a discipline
260 _aCulcutta
_bSeagull Books
_c2004
300 _axii, 128 p.
_bIncludes bibliographical references and index.
490 _aLiterary Studies/Culture Studies
650 _aSociology
_9849863
942 _hY:3(O), P4
_cGB
_2CC
_n0
999 _c502609
_d502609